000 00363nam a2200133Ia 4500
008 220216s9999 xx 000 0 und d
100 _aBeeley F
245 2 _aA Nematode pest of roots of cover plants
260 _bJournal of the Rubber Research Institute of Malaya
_c1939
300 _a51-58
650 _aCover plants
650 _aNematode pest
942 _cJS
999 _c53408
_d53408